000 00542nam a22001817a 4500
005 20251108165252.0
008 250721s2006 xx 000 0 ara d
082 1 4 _a153.2/حجا
100 1 _aالحجازي، احمد توفيق
245 1 0 _aالإيحاء العقلي /
264 1 _aعمان :
_bعالم الثقافة،
_c2006.
300 _a272ص.
650 1 7 _aعلم النفس الفسيولوجي
650 1 7 _aالايحاا العقلي
650 1 7 _aعلم النفي الفردي
942 _2ddc
_cBK
999 _c23699
_d23699